000 00964nam a22002057a 4500
003 OSt
005 20170608093032.0
008 150408b2011 slv spa
040 _cBMC
082 _a621.39
100 1 _934557
_aUrrutia Lemus, Héctor Enrique
245 1 0 _aCreación y mantenimiento de páginas web autoadministrables para empresas afiliadas a la Camara de Comercio e Industria de El Salvador filial Santa Ana
_b: Proyecto
_cHéctor Enrique Urrutia Lemus
260 _aSanta Ana (El Salvador)
_bUniversidad Católica de El Salvador
_c2011
300 _a67 h.
_bil. col.
_c27 cm
_e+ 1 disco compacto
500 _aPrecede al tít.: Universidad Católica de El Salvador, Facultad de Ingeniería y Arquitectura
502 _aPara optar al título de Ingeniero en Sistemas Informáticos
650 2 4 _924722
_aIngeniería de sistemas
710 2 _91166
_aUniversidad Católica de El Salvador
_bFacultad de Ingeniería y Arquitectura
942 _2ddc
_cTG
999 _c21074
_d21074